00586 2200229 4500001002100000005001500021008004100036020001800077035001900095041000700114082001000121090001400131100001600145700002000161700002100181700002100202245003900223260003400262300003200296500001100328650001700339INLIS00000000000235120241224112525241224||||||||| | ||| |||| || |  a979-1073-47-3 0010-1224002351 aid0 a612.6 a612.6 HAN0 aDanny Halim0 aTono Djuwantono0 aWiryawan Permadi0 aHarris Herlianto00aHanya 7 Hari Memahami Infertilitas aBandungbRefika Aditamac2008 aiv, 64 hlm. : ilus. ; 25 cm aCet. 1 0aBuku Panduan